<The> Harry Figgie Guide To Cost Reduction and Profit Improvement

Saved in:
Bibliographic Details
Main Author: Figgie, Harry E.
Format: Book
Language:English
Published: Chicago Probus Publ. Co. 1988
Edition:1. ed.
Subjects:
Tags: Add Tag
No Tags, Be the first to tag this record!

MARC

LEADER 00000nam a2200000 4500
001 c019698
005 20221219115934.9
020 |a 0-917253-83-3 
041 0 |a eng 
044 |a US 
245 1 0 |a <The> Harry Figgie Guide To Cost Reduction and Profit Improvement  |c Harry E. Figgie 
250 |a 1. ed. 
264 1 |a Chicago  |b Probus Publ. Co.  |c 1988 
300 |a 240 s. 
610 2 0 |a nákladovosť produkcie 
610 2 0 |a náklady 
610 2 0 |a zisk 
610 2 0 |a zisk podnikový 
610 2 0 |a znižovanie nákladov 
100 1 |a Figgie, Harry E.